Becoming places [ urbanism/architecture/identity/power

Deals with the practices and politics of place and identity formation - the slippery ways in which who we are becomes wrapped up with where we are. Drawing on the social theories of Deleuze and

Bibliographic Details
Main Author: Dovey, Kim (Author)
Format: Book
Language:English
Published: London ;New York : Routledge , c2010
Subjects:
Online Access:NetLibrary

MARC

LEADER 00000cam a2200000 7i4500
001 0000071213
005 20110511093000.0
008 110310s2010 enk eng
020 |a 0203875001 (electronic bk.) 
020 |a 9780203875001 (electronic bk.) 
020 |a 9780415416368 
050 0 0 |a NA2543.S6   |b D68 2010 
090 0 0 |a NA2543.S6   |b D68 2010 
100 1 |a Dovey, Kim ,   |e author 
245 1 0 |a Becoming places [  |h electronic resource] :   |b urbanism/architecture/identity/power   |c Kim Dovey 
260 |a London ;New York :   |b Routledge ,   |c c2010 
300 |a 1 online resource (xi, 201 p.) :   |b ill., maps, plans 
500 |a Description based on print version record 
500 |a Sequel and complementary volume to Dovey's seminal text, Framing places 
504 |a Includes bibliographical references (p 189-195) and index 
505 0 |a 1. Making sense of place: introduction -- 2. Place as assemblage -- 3. Silent complicities: Bourdieu, Habitus, Field -- 4. Limits of critical architecture: 'I mean to be critical, but...' -- 5. Slippery characters: Defending and creating place identitiies -- 6. Becoming prosperous: Informal urbanism in Yogyakarta -- 7. Urbanizing architecture: Rem Koolhaas and spatial segmentarity -- 8. Open court: Transparency and legitimation in the courthouse -- 9. Safety becomes danger: Drug use in public space -- 10. New orders: Monas and Merdeka Square -- 11. Urban slippage: Smooth and striated streetscapes in Bangkok 
520 |a Deals with the practices and politics of place and identity formation - the slippery ways in which who we are becomes wrapped up with where we are. Drawing on the social theories of Deleuze and 
650 0 |a Architecture and society 
650 0 |a Space (Architecture) 
856 4 0 |3 NetLibrary   |u http://www.netlibrary.com/urlapi.asp?action=summary&v=1&bookid=280619 
999 |a 1000137574   |b Electronic Book   |c Electronic Resource   |e Gong Badak Campus